Loading...

Tom Clancy's Op-center

Bibliographic Details
Main Author: Clancy, Tom
Format: Printed Book
Published: New york: Berkley books; 1997.
Subjects:
LEADER 00414nam a22001337a 4500
082 |a 813.54  |b CLA/A 
100 |a Clancy, Tom 
245 |a Tom Clancy's Op-center 
260 |a New york:  |b Berkley books;  |c 1997. 
300 |a 492p. 
650 |a English novel 
942 |c BK 
999 |c 297001  |d 297001 
952 |0 0  |1 0  |4 0  |6 813_540000000000000_CLA_A  |7 0  |9 316436  |a ARA  |b ARA  |d 2020-08-27  |l 0  |o 813.54 CLA/A  |p ARA2300  |r 2020-08-27  |w 2020-08-27  |y BK